00475nam a22001337a 4500003000400000008004100004020001800045082001700063100002600080245007400106260004800180300002000228650009300248OSt260508b |||||||| |||| 00| 0 eng d a9789355404909 a631.53bY12V aYadav, Rajendra Kumar aVarietal Development And Maintenance Breeding/by Rajendra Kumar Yadav aLudhiana : bKalyani Publishers ; c2023. a(1.3 - 5.80) p. aAgriculture and related technologies | Technology (Applied sciences) | Plant propagation